The Voice France - coach - Statistiques

Statistiques générales
  • Ce quiz a été pris 1 118 fois
  • Le résultat moyen est 64 sur 78
Statistiques - réponses
Hint Réponse % Correct
Saison 1 Florent Pagny
93%
Saison 2 Florent Pagny
93%
Saison 3 Florent Pagny
93%
Saison 4 Florent Pagny
93%
Saison 5 Florent Pagny
93%
Saison 6 Florent Pagny
93%
Saison 7 Florent Pagny
93%
Saison 10 Florent Pagny
93%
Saison AS Florent Pagny
93%
Saison 11 Florent Pagny
93%
Jenifer
93%
Jenifer
93%
Jenifer
93%
Jenifer
93%
Jenifer
93%
Jenifer
93%
Saison 1 Kids Jenifer
93%
Saison 2 Kids Jenifer
93%
Saison 3 Kids Jenifer
93%
Saison 4 Kids Jenifer
93%
Saison 5 Kids Jenifer
93%
Saison 6 Kids Jenifer
93%
Saison 7 Kids Jenifer
93%
Mika
91%
Mika
91%
Mika
91%
Mika
91%
Mika
91%
Mika
91%
Mika
91%
Zazie
90%
Zazie
90%
Zazie
90%
Zazie
90%
Zazie
90%
Garou
86%
Garou
86%
Garou
86%
Garou
86%
Garou
86%
Amel Bent
85%
Amel Bent
85%
Amel Bent
85%
Amel Bent
85%
Amel Bent
85%
Patrick Fiori
80%
Patrick Fiori
80%
Patrick Fiori
80%
Patrick Fiori
80%
Patrick Fiori
80%
Patrick Fiori
80%
Patrick Fiori
80%
Saison 8 Kids Patrick Fiori
80%
Vianney
78%
Vianney
78%
Soprano
76%
Soprano
76%
Soprano
76%
Soprano
76%
Louis Bertignac
75%
Louis Bertignac
75%
Louis Bertignac
75%
Louis Bertignac
75%
M Pokora
65%
M Pokora
65%
M Pokora
65%
Pascal Obispo
65%
Saison 9 Pascal Obispo
65%
Marc Lavoine
63%
Marc Lavoine
63%
Marc Lavoine
63%
Louane
59%
Lara Fabian
58%
Kendji Girac
56%
Kendji Girac
56%
Saison 8 Julien Clerc
47%
Nolwenn Leroy
46%
Julien Doré
44%
Aucun quiz correspondant
Distribution des résultats
% des personnes avec chaque résultat
Percentile par nombre de réponses
Votre historique - résultats
Vous n’avez pas pris ce quiz